000
00279nam a2200121 a 4500
008
101022s1975|||| d
100
1
_a
Tomasi di Lampedusa, Giuseppe
245
1
0
_a
Gepard
041
_a
slo
044
_a
xo
_c
SK
260
_b
Smena
_a
Bratislava
_c
1975
020
_c
22
999
_c
12051
_d
12051